| 000 | 01111nam a22002777a 4500 | ||
|---|---|---|---|
| 005 | 20140908111456.0 | ||
| 010 | _aENG-110759 | ||
| 020 |
_a9788183875141 _c850.00 |
||
| 035 | _aEN-94291 | ||
| 037 | _bDBAD/PUB | ||
| 082 | _a016.70901130954 | ||
| 100 | _aMisra, Kamal K. | ||
| 245 |
_aRock art of India : _cby Kamal K. Misra, Sudhir Shrivastava [and] Mohammad Rehan _ba selective bibliography : with an introduction by Robert G. Bednarik / |
||
| 260 |
_aBhopal _b Indira Gandhi Rashtriya Manav Sangrahalaya |
||
| 260 |
_aNew Delhi _bSerials Publications _c2011 |
||
| 270 |
_a4830/24, Prahlad Street, Ansari Road, Darya Ganj _bNew Delhi _e110002 |
||
| 300 |
_axx,256p. _c22cm(Hb) |
||
| 500 | _aIncludes bibliographical references and index | ||
| 650 |
_a Rock paintings _zIndia _vBibliography. |
||
| 650 |
_aPetroglyphs _z India _vBibliography. |
||
| 650 |
_a Art, Prehistoric _zIndia _vBibliography. |
||
| 700 | _aShrivastava, Sudhir | ||
| 700 | _aRehan, Mohammad | ||
| 710 | _a Indirā Gāndhī Rāshṭrīya Mānava Saṅgrahālaya. | ||
| 942 |
_2ddc _cEN _h016.70901130954 _mMIS |
||
| 999 |
_c88346 _d88346 |
||